000 00667nab a2200157 4500
003 ES-SlBCS
005 20210707114150.0
008 141106s2014 br ||||| |||| 00| 00por d
040 _aES-SlBCS
_bspa
100 1 _aAraújo, Alberto Filipe Ribeiro de Abreu
_9406992
245 1 2 _aA presença do sagrado na literatura educacional
_b: Ressonâncias da criança divina no pensamento de Maria Montessori
_cAlberto Filipe Ribeiro de Abreu Araújo ; José Augusto Lopes Ribeiro
650 0 4 _aSagrado
_9165804
700 1 _aLopes Ribeiro, José Augusto
_9406993
773 0 _gVol. 28, Nº 56, 2014, págs. 887-914
_tEducaçao e Filosofia
_wRev1534
_x0102-6801
942 _2lcc
_cAR
999 _c849508
_d849508